<?xml version="1.0" encoding="UTF-8"?>
<marc:record xmlns:marc="http://www.loc.gov/MARC21/slim">
   <marc:leader>00000nam a2200000 a 4500</marc:leader>
   <marc:datafield ind1="1" ind2=" " tag="100">
      <marc:subfield code="a">Napp, Daniel</marc:subfield>
      <marc:subfield code="4">aut</marc:subfield>
      <marc:subfield code="e">Verfasser/-in</marc:subfield>
   </marc:datafield>
   <marc:datafield ind1="0" ind2="0" tag="245">
      <marc:subfield code="a">Dr. Brumm baut ein Haus &amp; Anpfiff für Dr. Brumm</marc:subfield>
   </marc:datafield>
   <marc:datafield ind1="0" ind2="0" tag="245">
      <marc:subfield code="c">Daniel Napp</marc:subfield>
   </marc:datafield>
   <marc:datafield ind1=" " ind2="1" tag="264">
      <marc:subfield code="a">Hamburg</marc:subfield>
      <marc:subfield code="b">Silberfisch</marc:subfield>
      <marc:subfield code="c">2023</marc:subfield>
   </marc:datafield>
   <marc:datafield ind1="1" ind2=" " tag="520">
      <marc:subfield code="a">Angaben aus der Verlagsmeldung

Dr. Brumm baut ein Haus / Anpfiff für Dr. Brumm (Dr. Brumm) : 1 CD / von Daniel Napp

Alle lieben Dr. Brumm!

Auweia, ein Sturm hat Dr. Brumms Häuschen zerlegt. Aber kein Problem, so ein Haus ist ja schnell wieder aufgebaut – behauptet zumindest Dr. Brumm. Er zimmert eine verrückte Konstruktion nach der anderen zusammen …

In einer weiteren Brumm’schen Geschichte fordert Bauer Hackenpiep zu einem Fußball-Match heraus: Hackenpiep und seine Neffen gegen Dr. Brumms »Gurkentruppe«. Aber von wegen Gurken! Dr. Brumm und seine Freunde wollen beweisen, dass sie es draufhaben!

</marc:subfield>
   </marc:datafield>
   <marc:datafield ind1=" " ind2=" " tag="020">
      <marc:subfield code="a">9783745604436</marc:subfield>
      <marc:subfield code="9">9783745604436</marc:subfield>
   </marc:datafield>
   <marc:datafield ind1=" " ind2=" " tag="300">
      <marc:subfield code="a">1 CD</marc:subfield>
   </marc:datafield>
</marc:record>
